1278 1268 1602 1175 1862 1650 1621 1644 1904 1465 1224 1375 1637 1610 1642 1537 1990 1771 1509 1662 1187 1819 1069 1787 1468 1703 1718 1604 1784 1432 1369 1347 1774 1950 1064 1654 1925 1059 1936 1968 1096 1095 1748 1169 1914 1958 1570 1641 1423 1628 1201 1739 1755 1119 1643 1093 1757 1554 1889 1037 1324 1084 1300 1239 1314 1209 1148 1642 1747 1593 1848 1129 1875 1109 1406 1565 1141 1626 1374 1164 1733 1204 1322 1785 1607 1458 1063 1058 1271 1702 1315 1409 1916 1899 1900 1978 1436 1513 1028 BCNSPRNW ULIB Ver.6.0+V

เปลี่ยนเป็นภาษาไทย

Change to English
 แสดงรายละเอียดบรรณานุกรม
  กลับหน้าหลัก

Brief Record : Get Marc (ISO 2709) : E-mail record : QR code < ปิดหน้าต่าง
LEADER : 00000nam 2200000uu 4500
001    13399109218
003     ULIB
008    110324s2545||||th 000 0 tha d
020    9742944687
060 04 WA540.JT3^bป268ค 2545
245 00 30 ประเด็นสู่แผนพัฒนาสุขภาพแห่งชาติ ฉบับที่ 9 /^cโครงการตำรา สำนักนโยบายและแผนสาธารณสุข สำนักงานปลัดกระทรวงสาธารณสุข
260    นนทบุรี :^bโครงการตำราสำนักนโยบายและแผนสาธารณสุขกระทรวงสาธารณสุข,^c2545
300    740 หน้า ;^c26 ซม.
650  2 Health Policy
650  7 แผนพัฒนาสุขภาพแห่งชาติ
700 0  โกมาตร จึงเสถียรทรัพย์,^d2502- ,^eบรรณาธิการ
700 0  สุมาภรณ์ แซ่ลิ่ม,^eบรรณาธิการ
710 2  สำนักงานปลัดกระทรวงสาธารณสุข.^bโครงการตำราสำนักนโยบายและแผนสาธารณสุข
945    ^p500^l0^i016800
945    ^p500^l0^i015428
945    ^p500^l0^i015427
995    ทศพร
999 ^a ใช้งานได้ทุกระบบ
รายการนี้ยังไม่มีแท็ก
คุณยังไม่ได้ล็อกอิน คุณสามารถมีกิจกรรมร่วมกับเว็บไซต์ได้ แต่ต้องล็อกอินก่อน ::
  ล็อกอิน

รายการสื่อสารสนเทศ

ลำดับที่ ประเภท เลขเรียก/บาร์โค้ด สถานที่ สถานะ
- ไม่พบข้อมูล -

รายการใกล้เคียง
    หัวเรื่อง [Health Policy]
    หัวเรื่อง [แผนพัฒนาสุขภาพแห่งชาติ]

BibComment


ยังไม่เคยถูกคอมเมนท์

คอมเมนท์ทรัพยากรรายการนี้
  คอมเมนท์: 30 ประเด็นสู่แผนพ..


 Copyright 2026. Bcnsprnw @Library